Systematizácia zavádzania riadenia znalostí vo verejnej správe

Automatizácia činností verejnej správy. Potreba analýzy doménovej oblasti. Základné vzťahy medzi klientmi užívajúcimi výhody ontológií, používateľmi ontológií, vývojármi a výskumníkmi ontológií. Rámcový návrh metodiky postupného zavedenia manažmentu znalostí vo verejnej správe.

Guardado en:
Detalles Bibliográficos
Autor principal: Rakovská, Eva, 1963-
Formato: Capítulo de libro
Lenguaje:eslovaco
Materias:
Etiquetas: Agregar Etiqueta
Sin Etiquetas, Sea el primero en etiquetar este registro!

MARC

LEADER 00000nla$a2200000$$$4500
001 0145615
005 20240502072627.0
041 0 |a slo 
044 |a SK 
245 1 0 |a Systematizácia zavádzania riadenia znalostí vo verejnej správe  |c Eva Rakovská 
520 |a Automatizácia činností verejnej správy. Potreba analýzy doménovej oblasti. Základné vzťahy medzi klientmi užívajúcimi výhody ontológií, používateľmi ontológií, vývojármi a výskumníkmi ontológií. Rámcový návrh metodiky postupného zavedenia manažmentu znalostí vo verejnej správe. 
610 2 0 |a správa verejná 
610 2 0 |a riadenie znalostí 
610 2 0 |a manažment 
610 2 0 |a automatizácia 
100 1 |a Rakovská, Eva, 1963-